| 000 | 00394nam a22001697a 4500 | ||
|---|---|---|---|
| 003 | CEME | ||
| 005 | 20210628203016.0 | ||
| 008 | 210126b xxu||||| |||| 00| 0 eng d | ||
| 020 | _a0-7453-0270-X | ||
| 040 | _c. | ||
| 082 | _a327.73 CHO | ||
| 100 |
_aChomsky. Noam _922959 |
||
| 245 | _aThe culture of terrorism | ||
| 260 |
_aUSA _bPLUTO PRESS _c1989 |
||
| 300 | _a268 P | ||
| 942 |
_cBK _2ddc |
||
| 999 |
_c571811 _d571811 |
||